[Event "ch-RUS U20 w"]
[Site "St Petersburg RUS"]
[Date "2011.03.12"]
[Round "8"]
[White "Pustovoitova, Daria"]
[Black "Girya, Olga"]
[Result "1/2-1/2"]
[WhiteTitle "FM"]
[BlackTitle "WGM"]
[WhiteElo "2333"]
[BlackElo "2425"]
[WhiteFideId "4182146"]
[BlackFideId "4195752"]
[EventDate "2011.03.04"]

1. e4 c6 2. d4 d5 3. exd5 cxd5 4. c4 Nf6 5. Nc3 g6 6. Qb3 Bg7 7. cxd5 O-O 8. Be2
Na6 9. Bf3 Qb6 10. Nge2 Qxb3 11. axb3 Nb4 12. O-O Rd8 13. Ra5 a6 14. h3 Bf5 15.
d6 Rxd6 16. Bxb7 Rb8 17. Bf3 Nd3 18. Be3 Rxb3 19. Na4 Nxb2 20. Nc5 Rb5 21. Rxb5
axb5 22. g4 Bd3 23. Nxd3 Nxd3 24. Rb1 h6 25. Rxb5 Ne1 26. Bh1 Nc2 27. Rb8+ Kh7
28. Rb7 Nxe3 29. fxe3 Rd7 30. Kf2 Rxb7 31. Bxb7 Ne8 32. Kf3 Nd6 33. Bc6 e5 34.
dxe5 Bxe5 35. Nc1 Kg7 36. Nd3 Bc3 37. Nc5 Kf6 38. Ne4+ Nxe4 39. Bxe4 Ke5 40. Bc6
g5 41. Be8 f6 1/2-1/2

[Event "ch-RUS U20 w"]
[Site "St Petersburg RUS"]
[Date "2011.03.13"]
[Round "9"]
[White "Kashlinskaya, Alina"]
[Black "Pustovoitova, Daria"]
[Result "1-0"]
[WhiteTitle "WGM"]
[BlackTitle "FM"]
[WhiteElo "2320"]
[BlackElo "2333"]
[WhiteFideId "4198026"]
[BlackFideId "4182146"]
[EventDate "2011.03.04"]

1. d4 Nf6 2. c4 g6 3. Nc3 d5 4. Nf3 Bg7 5. e3 O-O 6. cxd5 Nxd5 7. Bc4 Nb6 8. Bb3
Nc6 9. O-O Na5 10. Bc2 Re8 11. h3 Bd7 12. Qe2 e5 13. Nxe5 Bxe5 14. dxe5 Rxe5 15.
b3 Qh4 16. Bb2 Rae8 17. Rad1 Nc6 18. Qf3 R8e6 19. e4 Rf6 20. Qe3 Nb4 21. Bb1 Rg5
22. Ne2 Re6 23. f4 N4d5 24. Qf3 Rxg2+ 25. Kxg2 Bb5 26. Bd3 1-0

[Event "ch-RUS U20 w"]
[Site "St Petersburg RUS"]
[Date "2011.03.13"]
[Round "9"]
[White "Savina, Anastasia"]
[Black "Bodnaruk, Anastasia"]
[Result "1-0"]
[WhiteTitle "WGM"]
[BlackTitle "IM"]
[WhiteElo "2383"]
[BlackElo "2423"]
[WhiteFideId "4196872"]
[BlackFideId "4181751"]
[EventDate "2011.03.04"]

1. d4 Nf6 2. c4 g6 3. Nc3 Bg7 4. e4 d6 5. Nf3 O-O 6. Be2 e5 7. O-O Nc6 8. d5 Ne7
9. Ne1 Nd7 10. f3 f5 11. g4 Nf6 12. Nd3 c6 13. Be3 Kh8 14. h4 b5 15. b3 bxc4 16.
bxc4 cxd5 17. cxd5 Ba6 18. Nf2 Bxe2 19. Qxe2 Nd7 20. Nh3 h6 21. Rac1 f4 22. Bf2
a6 23. Qc4 Re8 24. Rc2 Bf8 25. Rb1 Nc5 26. Na4 Nc8 27. Kg2 Ra7 28. Rb8 Be7 29.
g5 hxg5 30. Nxg5 Bxg5 31. hxg5 Qxg5+ 32. Kf1 Rh7 33. Nxc5 Rh1+ 34. Ke2 dxc5 35.
Qxc5 Qg2 36. Rxc8 Qf1+ 37. Kd2 Qd1+ 38. Kc3 Rxc8 39. Qxc8+ Kh7 40. Kb4 Qb1+ 41.
Ka3 Qa1 42. Rc7+ Kh6 43. Qh8+ Kg5 44. Bh4+ Rxh4 45. Qd8+ 1-0

[Event "ch-RUS U20 w"]
[Site "St Petersburg RUS"]
[Date "2011.03.13"]
[Round "9"]
[White "Matveeva, Olga"]
[Black "Girya, Olga"]
[Result "1-0"]
[WhiteTitle "WFM"]
[BlackTitle "WGM"]
[WhiteElo "2190"]
[BlackElo "2425"]
[WhiteFideId "24107018"]
[BlackFideId "4195752"]
[EventDate "2011.03.04"]

1. d4 d5 2. c4 c6 3. Nf3 Nf6 4. Qb3 dxc4 5. Qxc4 Bf5 6. g3 e6 7. Bg2 Be7 8. O-O
O-O 9. Nc3 Nbd7 10. Re1 Ne4 11. Bf4 Rc8 12. Qb3 Nxc3 13. bxc3 Qb6 14. e4 Bg6 15.
c4 Qxb3 16. axb3 a6 17. c5 Rfd8 18. Bd6 Bxd6 19. cxd6 Bxe4 20. Rxe4 Nf6 21. Ree1
Rxd6 22. Red1 Rcd8 23. Rac1 Kf8 24. Kf1 Ke7 25. Ke2 Nd5 26. Ne5 f6 27. Nd3 Nc7
28. Nc5 Rb8 29. f4 Nb5 30. Ke3 f5 31. Bf1 Nc7 32. Kf2 Nd5 33. Re1 Nc7 34. Rcd1
b6 35. Na4 a5 36. Rc1 b5 37. Nb2 Rb6 38. Bg2 Rxd4 39. Bxc6 Na6 40. Bf3 a4 41.
bxa4 bxa4 42. Nc4 Rb3 43. Bd1 Rb7 44. Ne5 Kf6 45. Rc8 Rb2+ 46. Be2 Re4 47. Rf8+
Ke7 48. Rf7+ Ke8 49. Rxg7 Nb4 50. Ra7 Nd5 51. Kf1 Ne3+ 52. Kg1 Nc2 53. Bh5+ 1-0

[Event "ch-RUS U20 w"]
[Site "St Petersburg RUS"]
[Date "2011.03.14"]
[Round "10"]
[White "Girya, Olga"]
[Black "Savina, Anastasia"]
[Result "1/2-1/2"]
[WhiteTitle "WGM"]
[BlackTitle "WGM"]
[WhiteElo "2425"]
[BlackElo "2383"]
[WhiteFideId "4195752"]
[BlackFideId "4196872"]
[EventDate "2011.03.04"]

1. e4 c5 2. Nf3 Nc6 3. Bb5 Nf6 4. Nc3 g6 5. h3 Bg7 6. Bxc6 bxc6 7. O-O O-O 8. d3
d6 9. Bg5 Rb8 10. Rb1 Nd7 11. Qd2 Re8 12. Bh6 Bh8 13. Ng5 e5 14. f4 f6 15. Nf3
exf4 16. Bxf4 Ne5 17. Nxe5 fxe5 18. Bg5 Qc7 19. b3 Be6 20. Na4 Rf8 21. Nb2 Bg7
22. Nc4 Rxf1+ 23. Rxf1 Rf8 24. Rf2 Qd7 25. Qe3 Rxf2 26. Qxf2 Bf8 27. Qf6 Bg7 28.
Qd8+ Qxd8 29. Bxd8 Bxc4 30. dxc4 Kf7 31. Bg5 Bf6 32. Be3 Bd8 33. Kf2 Ba5 34. Ke2
Ke6 35. Bf2 Kd7 36. Kd3 Kc8 37. c3 Kd7 38. Be1 a6 39. Ke3 Bd8 40. Kd3 Ba5 41. b4
Bb6 42. a4 a5 43. b5 Bd8 44. Bd2 h5 45. Bh6 Be7 46. Ke2 Kc7 47. Kf3 g5 48. Kg3
Kc8 49. Bg7 Kb7 50. Kf3 Kc8 51. Bh6 Kc7 52. Ke3 Kc8 53. Kd3 Kd7 54. Ke2 Kc8 55.
Ke3 Kd7 56. h4 g4 57. Bg5 Bd8 1/2-1/2

[Event "ch-RUS U20 w"]
[Site "St Petersburg RUS"]
[Date "2011.03.14"]
[Round "10"]
[White "Bodnaruk, Anastasia"]
[Black "Kashlinskaya, Alina"]
[Result "1-0"]
[WhiteTitle "IM"]
[BlackTitle "WGM"]
[WhiteElo "2423"]
[BlackElo "2320"]
[WhiteFideId "4181751"]
[BlackFideId "4198026"]
[EventDate "2011.03.04"]

1. e4 e5 2. Nf3 Nc6 3. Bb5 a6 4. Ba4 Nf6 5. O-O Be7 6. Re1 b5 7. Bb3 d6 8. c3
O-O 9. h3 Nb8 10. d4 Nbd7 11. Nbd2 Bb7 12. Bc2 Re8 13. a4 Bf8 14. Bd3 c6 15. Qc2
g6 16. b3 Rc8 17. Bb2 exd4 18. cxd4 d5 19. e5 Nh5 20. e6 Rxe6 21. Rxe6 fxe6 22.
Bxg6 Nhf6 23. Bd3 c5 24. dxc5 Bxc5 25. Bxh7+ Kh8 26. Qg6 Qe7 27. Ng5 Rf8 28. Bg8
e5 29. Bf7 Bxf2+ 30. Kh1 1-0

[Event "ch-RUS U20 w"]
[Site "St Petersburg RUS"]
[Date "2011.03.14"]
[Round "10"]
[White "Pustovoitova, Daria"]
[Black "Matveeva, Olga"]
[Result "1/2-1/2"]
[WhiteTitle "FM"]
[BlackTitle "WFM"]
[WhiteElo "2333"]
[BlackElo "2190"]
[WhiteFideId "4182146"]
[BlackFideId "24107018"]
[EventDate "2011.03.04"]

1. e4 e5 2. Nf3 d6 3. d4 exd4 4. Nxd4 g6 5. Nc3 Bg7 6. Bc4 Nf6 7. O-O O-O 8. Bg5
h6 9. Bh4 Nc6 10. Nxc6 bxc6 11. f4 Bg4 12. Qd3 Qb8 13. Bb3 Bc8 14. e5 Bf5 15.
Qf3 dxe5 16. Bxf6 Bxf6 17. g4 Be6 18. Ne4 Bh8 19. f5 Bd5 20. c4 Qb6+ 21. Kh1
Bxe4 22. Qxe4 Qd4 23. Qxc6 Qxg4 24. fxg6 fxg6 25. Rg1 Qf3+ 26. Qxf3 Rxf3 27. c5+
Kh7 28. Bd5 Raf8 29. Bxf3 Rxf3 30. Rad1 g5 31. Kg2 Rf4 32. Rd7+ Kg6 33. Rxc7 e4
34. c6 e3 35. Re7 Rf2+ 36. Kg3 Rc2 37. c7 Bxb2 38. Kf3 Bd4 39. Rd1 Bb6 40. Rdd7
e2 41. Rxe2 Rxc7 42. Re6+ Kh5 43. Rdd6 Rc3+ 44. Ke4 Re3+ 45. Kf5 Rf3+ 46. Ke4
Re3+ 47. Kf5 Rf3+ 48. Ke4 Re3+ 1/2-1/2